00466nam a2200145Ia 4500003000900000008004100009040001600050080001500066100002000081245010300101260004400204300001500248650004100263650001600304IN-BaIIA211028s9999 xx 000 0 eng d cIIA Library a51:53bQUE aQuetelet, A. D. 0aSciences mathematiques et physiquescA. D. Quetelet  aBruxellesbHthiry-Van Buggenhoudtc1886 aiii, 754p. aAstronomy and Astrophysics Thesaurus aMathematics